| 000 | 00371nam a22001337a 4500 | ||
|---|---|---|---|
| 020 | _a0-02-810110-3 | ||
| 082 | _a629.2 ABB'A | ||
| 100 |
_aABBOTT, SHELDON L,HINERMAN, IVAN D _975261 |
||
| 245 | _aAUTOMOTIVE SUSPENSION AND STEERING A TEXT LAB MANUAL | ||
| 260 |
_aCALIFORNIA _bGLENCOSE PUBLISHING _c1976 |
||
| 300 | _aVI, 378P | ||
| 650 |
_a ACC NO- _96510 |
||
| 942 | _cBK | ||
| 999 |
_c580714 _d580714 |
||